In der Freude des Herrn: eine Autobiographie

Saved in:  
Bibliographic Details
Main Author: Hiegl, Notker 1941-2025 (Author)
Format: Print Book
Language:German
Subito Delivery Service: Order now.
Check availability: HBZ Gateway
WorldCat: WorldCat
Interlibrary Loan:Interlibrary Loan for the Fachinformationsdienste (Specialized Information Services in Germany)
Published: Beuron Beuroner Kunstverl. 2010
In:Year: 2010
Edition:1. Aufl.
Standardized Subjects / Keyword chains:B Hiegl, Notker 1941-2025
Further subjects:B Hiegl, Notker (1941-2025)
B Autobiography
B Image
Online Access: Table of Contents

MARC

LEADER 00000cam a2200000 c 4500
001 1608566412
003 DE-627
005 20241023101323.0
007 tu
008 110309s2010 gw ||||| 00| ||ger c
015 |a 11,N04  |2 dnb 
016 7 |a 1009616471  |2 DE-101 
020 |a 9783870712204  |c Gb. : EUR 24.90 (DE), EUR 25.65 (AT) (freier Pr.), sfr 37.90 (freier Pr.)  |9 978-3-87071-220-4 
024 3 |a 9783870712204 
035 |a (DE-627)1608566412 
035 |a (DE-576)338461949 
035 |a (DE-599)DNB1009616471 
035 |a (OCoLC)712416855 
040 |a DE-627  |b ger  |c DE-627  |e rakwb 
041 |a ger 
044 |c XA-DE-BW 
082 0 4 |a 200 
084 |a NZ 70030  |q DE-24/20sred  |2 rvk  |0 (DE-625)rvk/162630: 
084 |a 07  |2 bwlb 
084 |a 15.55  |2 bkl 
100 1 |0 (DE-588)129009458  |0 (DE-627)387604405  |0 (DE-576)171014626  |4 aut  |a Hiegl, Notker  |d 1941-2025 
109 |a Hiegl, Notker 1941-2025  |a Notker Bruder 1941-2025  |a Hiegl, Notker Michael Alois 1941-2025 
245 1 0 |a In der Freude des Herrn  |b eine Autobiographie  |c Notker Hiegl 
250 |a 1. Aufl. 
263 |a Erscheint: 15. Dezember 2010 
264 1 |a Beuron  |b Beuroner Kunstverl.  |c 2010 
300 |a 269 Seiten  |b Ill.  |c 235 mm x 160 mm, 870 g 
336 |a Text  |b txt  |2 rdacontent 
337 |a ohne Hilfsmittel zu benutzen  |b n  |2 rdamedia 
338 |a Band  |b nc  |2 rdacarrier 
583 1 |a Archivierung/Langzeitarchivierung gewährleistet  |f PEBW  |x XA-DE-BW  |2 pdager  |5 DE-24 
600 1 7 |0 (DE-588)129009458  |0 (DE-627)387604405  |0 (DE-576)171014626  |a Hiegl, Notker  |d 1941-2025  |2 gnd  |7 (dpeaa)DE-631 
650 0 7 |0 (DE-588)4006627-7  |0 (DE-627)106376888  |0 (DE-576)208866353  |a Bildnis  |2 gnd  |7 (dpeaa)DE-631 
655 7 |a Autobiografie  |0 (DE-588)4003939-0  |0 (DE-627)106388258  |0 (DE-576)208853251  |2 gnd-content 
689 0 0 |d p  |0 (DE-588)129009458  |0 (DE-627)387604405  |0 (DE-576)171014626  |2 gnd  |a Hiegl, Notker  |d 1941-2025 
689 0 |5 DE-101 
856 4 2 |u http://d-nb.info/1009616471/04  |m B:DE-101  |q application/pdf  |3 Inhaltsverzeichnis  |7 1 
935 |a mteo  |a BWLB 
936 r v |a NZ 70030  |b Einzelbiografien  |k Geschichte  |k Regionale Landeskunde  |k Baden-Württemberg  |k Landesgeschichte allgemein  |k Einzelbiografien  |0 (DE-627)1685783007  |0 (DE-625)rvk/162630: 
936 b k |a 15.55  |j Baden-Württemberg  |x Geschichte  |q coli-conc RVK->BK  |q https://coli-conc.gbv.de/api/mappings/58b6b720-6ba5-4068-ac06-4bb36eb8c635  |0 (DE-627)181571617 
951 |a BO 
ELC |b 1 
ORI |a SA-MARC-ixtheo_oa001.raw 
REL |a 1 
STA 0 0 |a Image,Portrait 
STB 0 0 |a Portrait 
STC 0 0 |a Retrato 
STD 0 0 |a Ritratto 
STE 0 0 |a 肖像 
STF 0 0 |a 肖像 
STG 0 0 |a Retrato 
STH 0 0 |a Портрет 
STI 0 0 |a Προσωπογραφία,Πορτρέτο 
SUB |a REL 
SYA 0 0 |a Notker,Bruder,1941-2025,Hiegl, Notker Michael Alois,1941-2025 
SYE 0 0 |a Porträt,Portrait 
SYG 0 0 |a Notker,Bruder,1941-2025,Hiegl, Notker Michael Alois,1941-2025